Ústí nad Labem - Municipalities - Statistics

General Stats
  • This quiz has been taken 2 times
  • The average score is 4 of 23
Answer Stats
Hint Answer % Correct
L Libouchec
100%
Ch Chabařovice
50%
Ch Chlumec
50%
P Povrly
50%
T Tisá
50%
T Trmice
50%
Ú Ústí nad Labem
50%
Ch Chuderov
0%
D Dolní Zálezly
0%
H Habrovany
0%
H Homole u Panny
0%
M Malé Březno
0%
M Malečov
0%
P Petrovice
0%
P Přestanov
0%
Ř Řehlovice
0%
R Ryjice
0%
S Stebno
0%
T Tašov
0%
T Telnice
0%
V Velké Březno
0%
V Velké Chvojno
0%
Z Zubrnice
0%
No matching quizzes found
Score Distribution
Percent of People with Each Score
Percentile by Number Answered
Your Score History
You have not taken this quiz